LEADER 01327nam0-22003851i-450- 001 990007842620403321 005 20090402143351.0 010 $a88-464-4028-5 035 $a000784262 035 $aFED01000784262 035 $a(Aleph)000784262FED01 035 $a000784262 100 $a20031205d2002----km-y0itay50------ba 101 0 $aita 102 $aIT 200 1 $aIdee di spazio, lo spazio nelle idee$emetropoli contemporanee e spazi pubblici$fscritti di Richard Bender ... [et al.]$ga cura di Claudia Mattogno 210 $aMilano$cFranco Angeli$d2002 215 $a252 p.$cill.$d23 cm 225 1 $aUrbanistica$iDocumenti$v74 300 $aNel verso del front.: Il volume è stato pubblicato con il contributo del Dipartimento di Architettura e Urbanistica per l'Ingegneria dell'Università di Roma la Sapienza 610 0 $aSpazi pubblici$aProgettazione 676 $a711.5$v19 702 1$aBender,$bRichard 702 1$aMattogno,$bClaudia 801 0$aIT$bUNINA$gRICA$2UNIMARC 901 $aBK 912 $a990007842620403321 952 $a2993 sez. Andriello$b2993$fDARPU 952 $aCollez. 1163 (74)$b39283$fFSPBC 952 $aURB.LE B 1918$b12922$fFARBC 959 $aDARPU 959 $aFSPBC 959 $aFARBC 996 $aIdee di spazio, lo spazio nelle idee$9672087 997 $aUNINA LEADER 01992oam 2200637K 450 001 9910712905003321 005 20180924044904.1 024 8 $aGOVPUB-C13-a56c384e38c3dcd5c07619d3e309d26d 035 $a(CKB)5470000002499148 035 $a(OCoLC)952977138$z(OCoLC)822057459 035 $a(OCoLC)995470000002499148 035 $a(EXLCZ)995470000002499148 100 $a20160704d1976 ua 0 101 0 $aeng 135 $aurbn||||||abp 135 $aurbn||||||ada 181 $ctxt$2rdacontent 182 $cc$2rdamedia 183 $acr$2rdacarrier 200 14$aThe dynamics of fields of higher spin /$fRaymond W. Hayward 210 1$aWashington :$cU.S. Dept. of Commerce, National Bureau of Standards :$cFor sale by the Supt. of Docs., U.S. Govt. Print. Off.,$d1976. 215 $a1 online resource (iii, 94 pages) 225 1 $aNBS monograph ;$v154 320 $aIncludes bibliographical references. 606 $aNuclear spin 606 $aQuantum field theory 606 $aChamps, Th eorie quantique des 606 $aLorentz, Groupes de 606 $aLorentz, Transformations de 606 $aOndes de spin 606 $aSpin 606 $aNuclear spin$2fast 606 $aQuantum field theory$2fast 615 0$aNuclear spin. 615 0$aQuantum field theory. 615 6$aChamps, Th eorie quantique des. 615 6$aLorentz, Groupes de. 615 6$aLorentz, Transformations de. 615 6$aOndes de spin. 615 6$aSpin. 615 7$aNuclear spin. 615 7$aQuantum field theory. 676 $a602/.1 s 676 $a530.1/43 686 $aUK 1400$2rvk 700 $aHayward$b Raymond W.$f1921-2001.$01400891 712 02$aUnited States.$bNational Bureau of Standards. 801 0$bOCLCE 801 1$bOCLCE 801 2$bAZU 801 2$bOCLCF 801 2$bOCLCQ 906 $aBOOK 912 $a9910712905003321 996 $aThe dynamics of fields of higher spin$93468587 997 $aUNINA